Word Ladder: It's Over Quiz Stats

 Plays Quiz Updated Mar 27, 2018

Challenge
Share
Tweet
Embed
Score 0/16 Timer 02:00
0 Plays Today
Clue 4-Letter Word % Correct
Fermented juice of grapesWINE
95.5%
Have a luxurious mealDINE
93.3%
Become less full, as the moonWANE
89.8%
Ω Properly performed; cooked thoroughly:
[rung 7][rung 12] Ω
Ω A final decision or agreement:
[rung 12][rung 16] Ω
Ω DONE Ω
89.1%
Have an itch forWANT
86.6%
Small wooded valley; big name in computersDELL
85%
Ω What you say to a person who is leaving:
[rung 1][rung 7] Ω
Ω Properly performed; cooked thoroughly:
[rung 7][rung 12] Ω
Ω WELL Ω
82.3%
Presidential candidate of 1996DOLE
81.6%
Clue 4-Letter Word % Correct
Filmdom's Chucky, for oneDOLL
81.4%
Took one's leaveWENT
80.8%
Executor's concernWILL
75.9%
Stratagem meant to foolWILE
72.5%
Evidence of a big hitWELT
72.5%
Ω A final decision or agreement:
[rung 12][rung 16] Ω
Ω DEAL Ω
69.8%
Ending for 'soft' or 'silver'WARE
67.5%
Ω What you say to a person who is leaving:
[rung 1][rung 7] Ω
Ω FARE Ω
60.7%

Today's Daily Dose

You're not logged in!

Compare scores with friends on all Sporcle quizzes.
Join for Free
OR
Log In

You Might Also Like...

Show Comments

Extras

Top Quizzes Today


Score Distribution

Your Account Isn't Verified!

In order to create a playlist on Sporcle, you need to verify the email address you used during registration. Go to your Sporcle Settings to finish the process.

Report this User

Report this user for behavior that violates our Community Guidelines.

Details: